000 00796nam a22002297a 4500
005 20170124110039.0
010 _aB-130196
020 _c00.00
_a8174873171
035 _aB-130196
037 _bCen Lib/Ret
040 _aDPL
_bEN
082 _a883.08
_bSIN
100 _aSinha, Sunand Kumar
_923390
245 _aThe fiction of Ruth Prawer Jhabvala :
_cby Sunand Kumar Sinha
_ba feminist perspective /
260 _aNew Delhi
_bRadha Publications
_c2004
270 _a4378/4B, Ansari Road, Daryaganj
_bNew Delhi
_e110002
300 _aviii,203p.
_c22cm(Hb)
500 _aIncludes index and bibliography
650 _aFeminism in literature
_923391
650 _aJhabvala, Ruth Prawer, -- 1927-2013 -- Criticism and interpretation
_923392
942 _2ddc
_cEN
_h883.08
_mSIN
999 _c128435
_d128435